Statistics for Countries with Multiple Large Urban Areas

Click here to take the quiz!

General Stats

  • This quiz has been taken 177 times
    (80 since last reset)
  • The average score is 20 of 22

Answer Stats

# Country Cities % Correct
27ChinaGuangzhou, Shanghai, Beijing, Tianjin, Xiamen, Chengdu, Wuhan, Hangzhou, Chongqing, Shenyang, Shantou, Hong Kong, Xi'an, Nanjing, Qingdao, Wenzhou. Harbin, Hefei, Zhengzhou, Changsha, Shijiazhuang, Dalian, Jinan, Kunming, Taiyuan, Ürümqi, Fuzhou
100%
9IndiaDelhi, Mumbai, Kolkata, Bengaluru, Chennai, Hyderabad, Ahmedabad, Pune, Surat
100%
15United StatesNew York, Los Angeles, Chicago, Washington, San Francisco, Boston, Philadelphia, Dallas, Houston, Miami, Atlanta, Detroit, Phoenix, Seattle, Tampa
100%
3Germanythe Ruhr, Cologne/Düsseldorf, Berlin
96%
2RussiaMoscow, St. Petersburg
96%
5BrazilSão Paulo, Rio de Janeiro, Belo Horizonte, Porto Alegre, Brasília
96%
3JapanTokyo, Osaka, Nagoya
94%
3MexicoMexico City, Guadalajara, Monterrey
94%
2EgyptCairo, Alexandria
94%
2PakistanKarachi, Lahore
91%
4IndonesiaJakarta, Bandung, Surabaya, Medan
90%
2South AfricaJohannesburg, Cape Town
90%
2ItalyMilan, Naples
90%
2NigeriaLagos, Kano
90%
2BangladeshDhaka, Chittagong
88%
2South KoreaSeoul, Busan
88%
2SpainMadrid, Barcelona
88%
2TurkeyIstanbul, Ankara
86%
2AustraliaSydney, Melbourne
86%
2CanadaToronto, Montreal
83%
2ColombiaBogotá, Medellín
78%
2Saudi ArabiaRiyadh, Jeddah
74%

Score Distribution

Percentile by Number Answered

Percent of People with Each Score

Your Score History

You have not taken this quiz since the last reset